<?xml version="1.0" encoding="UTF-8"?>
<record
    xmlns:xsi="http://www.w3.org/2001/XMLSchema-instance"
    xsi:schemaLocation="http://www.loc.gov/MARC21/slim http://www.loc.gov/standards/marcxml/schema/MARC21slim.xsd"
    xmlns="http://www.loc.gov/MARC21/slim">

  <leader>02212nam a22002657a 4500</leader>
  <controlfield tag="003">NALT</controlfield>
  <controlfield tag="005">20250926130701.0</controlfield>
  <controlfield tag="008">231107b        th ||||| |||| 00| 0 tha d</controlfield>
  <datafield tag="020" ind1=" " ind2=" ">
    <subfield code="a">9786164850859</subfield>
  </datafield>
  <datafield tag="040" ind1=" " ind2=" ">
    <subfield code="a">NALT</subfield>
  </datafield>
  <datafield tag="050" ind1=" " ind2=" ">
    <subfield code="a">HD 30.3</subfield>
    <subfield code="b">&#xE27;865&#xE0B; 2562</subfield>
  </datafield>
  <datafield tag="100" ind1="0" ind2=" ">
    <subfield code="9">62043</subfield>
    <subfield code="a">&#xE27;&#xE38;&#xE12;&#xE34;&#xE0A;&#xE31;&#xE22; &#xE1A;&#xE38;&#xE0D;&#xE04;&#xE23;&#xE2D;&#xE07;.</subfield>
  </datafield>
  <datafield tag="245" ind1="1" ind2="0">
    <subfield code="a">The secret &#xE04;&#xE27;&#xE32;&#xE21;(&#xE25;&#xE31;&#xE1A;)&#xE43;&#xE19;&#xE2D;&#xE07;&#xE04;&#xE4C;&#xE01;&#xE23; /</subfield>
    <subfield code="c">&#xE04;&#xE23;&#xE39;&#xE2D;&#xE4A;&#xE2D;&#xE1F; &#xE27;&#xE34;&#xE17;&#xE22;&#xE32;&#xE01;&#xE23;&#xE19;&#xE2D;&#xE01;&#xE01;&#xE23;&#xE2D;&#xE1A;.</subfield>
  </datafield>
  <datafield tag="260" ind1=" " ind2=" ">
    <subfield code="a">&#xE1B;&#xE17;&#xE38;&#xE21;&#xE18;&#xE32;&#xE19;&#xE35; :</subfield>
    <subfield code="b">&#xE01;&#xE48;&#xE2D;&#xE01;&#xE32;&#xE23;&#xE14;&#xE35; &#xE1D;&#xE36;&#xE01;&#xE2D;&#xE1A;&#xE23;&#xE21; ;</subfield>
    <subfield code="c">2562.</subfield>
  </datafield>
  <datafield tag="300" ind1=" " ind2=" ">
    <subfield code="a">175 &#xE2B;&#xE19;&#xE49;&#xE32; ;</subfield>
    <subfield code="c">21 &#xE0B;&#xE21;.</subfield>
  </datafield>
  <datafield tag="505" ind1="2" ind2=" ">
    <subfield code="a">Secrete I : Genesis of Secrete (&#xE1B;&#xE10;&#xE21;&#xE1A;&#xE17; &#xE41;&#xE2B;&#xE48;&#xE07;&#xE04;&#xE27;&#xE32;&#xE21;&#xE25;&#xE31;&#xE1A;) -- &#xE04;&#xE27;&#xE32;&#xE21;&#xE25;&#xE31;&#xE1A;&#xE17;&#xE35;&#xE48; 1 : Secrete Room (&#xE2B;&#xE49;&#xE2D;&#xE07;&#xE41;&#xE2B;&#xE48;&#xE07;&#xE04;&#xE27;&#xE32;&#xE21;&#xE25;&#xE31;&#xE1A;) -- &#xE04;&#xE27;&#xE32;&#xE21;&#xE25;&#xE31;&#xE1A;&#xE17;&#xE35;&#xE48; 2 : Management of Corporate Governance (&#xE25;&#xE31;&#xE1A; &#xE25;&#xE27;&#xE07; &#xE1E;&#xE23;&#xE32;&#xE07; &#xE2D;&#xE07;&#xE04;&#xE4C;&#xE01;&#xE23;) -- &#xE04;&#xE27;&#xE32;&#xE21;&#xE25;&#xE31;&#xE1A;&#xE17;&#xE35;&#xE48; 3 : Secrete of KPIs (&#xE04;&#xE27;&#xE32;&#xE21;&#xE25;&#xE31;&#xE1A;&#xE02;&#xE2D;&#xE07; KPIs) -- Secrete II : Beliefs, Thoughts, Feelings (&#xE04;&#xE27;&#xE32;&#xE21;&#xE40;&#xE0A;&#xE37;&#xE48;&#xE2D;, &#xE04;&#xE27;&#xE32;&#xE21;&#xE04;&#xE34;&#xE14;, &#xE04;&#xE27;&#xE32;&#xE21;&#xE23;&#xE39;&#xE49;&#xE2A;&#xE36;&#xE01;) -- &#xE04;&#xE27;&#xE32;&#xE21;&#xE25;&#xE31;&#xE1A;&#xE17;&#xE35;&#xE48; 4 : Secrete of The Leader (&#xE04;&#xE27;&#xE32;&#xE21;&#xE25;&#xE31;&#xE1A;&#xE41;&#xE2B;&#xE48;&#xE07;&#xE1C;&#xE39;&#xE49;&#xE19;&#xE33;) -- &#xE04;&#xE27;&#xE32;&#xE21;&#xE25;&#xE31;&#xE1A;&#xE17;&#xE35;&#xE48; 5 : Secrete Weapon (&#xE2D;&#xE32;&#xE27;&#xE38;&#xE18;&#xE25;&#xE31;&#xE1A;&#xE1C;&#xE39;&#xE49;&#xE19;&#xE33;) -- Secrete III : Key Room Secrete (&#xE01;&#xE38;&#xE0D;&#xE41;&#xE08;&#xE2B;&#xE49;&#xE2D;&#xE07;&#xE41;&#xE2B;&#xE48;&#xE07;&#xE04;&#xE27;&#xE32;&#xE21;&#xE25;&#xE31;&#xE1A;) -- &#xE04;&#xE27;&#xE32;&#xE21;&#xE25;&#xE31;&#xE1A;&#xE17;&#xE35;&#xE48; 6 : Anonymous Man (&#xE01;&#xE32;&#xE23;&#xE21;&#xE32;&#xE02;&#xE2D;&#xE07;&#xE1A;&#xE38;&#xE23;&#xE38;&#xE29;&#xE19;&#xE34;&#xE23;&#xE19;&#xE32;&#xE21;) -- &#xE04;&#xE27;&#xE32;&#xE21;&#xE25;&#xE31;&#xE1A;&#xE17;&#xE35;&#xE48; 7 : When it's not Secrete (&#xE40;&#xE21;&#xE37;&#xE48;&#xE2D;&#xE21;&#xE31;&#xE19;&#xE44;&#xE21;&#xE48;&#xE43;&#xE0A;&#xE48;&#xE04;&#xE27;&#xE32;&#xE21;&#xE25;&#xE31;&#xE1A;) -- &#xE04;&#xE27;&#xE32;&#xE21;&#xE25;&#xE31;&#xE1A;&#xE17;&#xE35;&#xE48; 8 : Spirit of Mind (&#xE24;&#xE17;&#xE18;&#xE34;&#xE4C;&#xE41;&#xE2B;&#xE48;&#xE07;&#xE43;&#xE08;).</subfield>
  </datafield>
  <datafield tag="650" ind1=" " ind2="4">
    <subfield code="9">3933</subfield>
    <subfield code="a">&#xE01;&#xE32;&#xE23;&#xE08;&#xE31;&#xE14;&#xE01;&#xE32;&#xE23;&#xE2D;&#xE07;&#xE04;&#xE4C;&#xE01;&#xE32;&#xE23;</subfield>
  </datafield>
  <datafield tag="650" ind1=" " ind2="4">
    <subfield code="9">22015</subfield>
    <subfield code="a">&#xE01;&#xE32;&#xE23;&#xE1A;&#xE23;&#xE34;&#xE2B;&#xE32;&#xE23;&#xE2D;&#xE07;&#xE04;&#xE4C;&#xE01;&#xE32;&#xE23;</subfield>
  </datafield>
  <datafield tag="650" ind1=" " ind2="4">
    <subfield code="9">7747</subfield>
    <subfield code="a">&#xE01;&#xE32;&#xE23;&#xE1E;&#xE31;&#xE12;&#xE19;&#xE32;&#xE15;&#xE19;&#xE40;&#xE2D;&#xE07;</subfield>
  </datafield>
  <datafield tag="850" ind1=" " ind2=" ">
    <subfield code="a">NALT</subfield>
  </datafield>
  <datafield tag="942" ind1=" " ind2=" ">
    <subfield code="2">lcc</subfield>
    <subfield code="c">GB</subfield>
  </datafield>
  <datafield tag="996" ind1=" " ind2=" ">
    <subfield code="a">kornsiririn.r</subfield>
    <subfield code="b">CATSTF	</subfield>
    <subfield code="c">2023-11-07</subfield>
  </datafield>
  <datafield tag="996" ind1=" " ind2=" ">
    <subfield code="a">phornvitoo</subfield>
    <subfield code="b">CATSTF	</subfield>
    <subfield code="c">2024-01-27</subfield>
  </datafield>
  <datafield tag="999" ind1=" " ind2=" ">
    <subfield code="c">103810</subfield>
    <subfield code="d">103810</subfield>
  </datafield>
  <datafield tag="998" ind1=" " ind2=" ">
    <subfield code="j">8</subfield>
    <subfield code="k"> &#xE19;&#xE32;&#xE22;&#xE1A;&#xE31;&#xE13;&#xE11;&#xE34;&#xE15;  &#xE2D;&#xE38;&#xE17;&#xE32;&#xE27;&#xE07;&#xE04;&#xE4C;</subfield>
  </datafield>
  <datafield tag="952" ind1=" " ind2=" ">
    <subfield code="0">0</subfield>
    <subfield code="1">0</subfield>
    <subfield code="2">lcc</subfield>
    <subfield code="4">0</subfield>
    <subfield code="7">0</subfield>
    <subfield code="8">CSEN</subfield>
    <subfield code="a">NALT</subfield>
    <subfield code="b">NALT</subfield>
    <subfield code="c">GEN</subfield>
    <subfield code="d">2023-11-07</subfield>
    <subfield code="l">1</subfield>
    <subfield code="m">1</subfield>
    <subfield code="o">HD 30.3 &#xE27;865&#xE0B; 2562</subfield>
    <subfield code="p">0100010124001</subfield>
    <subfield code="r">2025-10-15 00:00:00</subfield>
    <subfield code="s">2025-09-26</subfield>
    <subfield code="w">2023-11-07</subfield>
    <subfield code="y">GB</subfield>
  </datafield>
</record>
